000 01300cam a22003737a 4500
003 CHAP
005 20220329142015.0
008 990208d1998 mx r 00110 spa d
010 _a76971
011 _a77943
035 _a87718
040 _cCHAP
090 _aTesis
100 0 0 _aDomínguez, Gilberto Fabián.
_933925
245 1 0 _aRespuesta a las aplicaciones de boro en aguacatero cv. Colín V-33
_c/por Gilberto Fabián Domínguez
260 _aChapingo, Méx. :
_bEl autor,
_c1998.
300 _a60 h.
502 _aTesis (Ing. Agr. Esp. en Fitotecnia) -- UACH. Departamento de Fitotecnia
590 _aALEPH
_b10
_c20130110
_lUCH01
_h1427
590 _aBATCH-UPD
_b10
_c20130110
_lUCH01
_h0338
590 _aBATCH-UPD
_b10
_c20130410
_lUCH01
_h0012
590 _aBATCH-UPD
_b10
_c20130913
_lUCH01
_h2305
590 _aCONVERSION
_b10
_c20130109
_lUCH01
_h1342
650 4 _aAguacate
_xInjertos.
_92527
650 1 4 _aAguacate
_xRendimiento.
_92553
650 1 4 _aAguacate
_xVariedades.
_92559
650 1 4 _aBoro
_xEfecto en aguacate.
_913908
901 _aBK
905 _aLilia Sánchez G.
942 _cFOLL
949 _bBC
_cTES
_d33724000712105
_eTS2
_fc.2
_h33405
_i87718
_si
949 _bBC
_cTES
_d33724000760476
_eTS2
_fc.2
_h35627
_i87718
_si
949 _bBC
_cTES
_d877181
_eTS1
_h33404
_i87718
_sb
999 _c76971
_d76971